Loading...
| History - World | 0 | 7 | 0 | 0 | 70 | 35 | 54.57 | 1 | 5 | 0.00 | 0.00 |
| History - European | 0 | 6 | 0 | 0 | 60 | 44 | 65.00 | 0 | 1 | 0.00 | 0.00 |
| Science - Biology | 0 | 5 | 0 | 1 | 50 | 39 | 59.00 | 0 | 2 | 0.00 | 0.00 |
| Mythology | 0 | 4 | 0 | 0 | 40 | 22 | 49.00 | 1 | 3 | 0.00 | 0.00 |
| History - Other | 0 | 3 | 1 | 0 | 25 | 41 | 53.33 | 1 | 3 | 0.00 | 0.00 |
| Religion | 0 | 2 | 0 | 0 | 20 | 80 | 92.00 | 0 | 0 | 0.00 | 0.00 |
| Science - Other | 0 | 2 | 0 | 0 | 20 | 64 | 65.00 | 1 | 1 | 0.00 | 0.00 |
| Geography | 0 | 2 | 1 | 0 | 15 | 55 | 62.00 | 0 | 2 | 0.00 | 0.00 |
| Current Events | 0 | 1 | 0 | 0 | 10 | 42 | 42.00 | 1 | 1 | 0.00 | 0.00 |
| Science - Physics | 0 | 1 | 0 | 0 | 10 | 74 | 74.00 | 0 | 0 | 0.00 | 0.00 |
| Fine Arts - Classical Music | 0 | 1 | 0 | 0 | 10 | 72 | 72.00 | 0 | 1 | 0.00 | 0.00 |
| History - American | 0 | 1 | 0 | 0 | 10 | 50 | 50.00 | 0 | 0 | 0.00 | 0.00 |
| Literature - American | 0 | 1 | 0 | 0 | 10 | 62 | 62.00 | 0 | 1 | 0.00 | 0.00 |
| Literature - European | 0 | 1 | 0 | 0 | 10 | 48 | 48.00 | 1 | 1 | 0.00 | 0.00 |
| Literature - World | 0 | 1 | 0 | 0 | 10 | 92 | 92.00 | 0 | 0 | 0.00 | 0.00 |
| Philosophy | 0 | 1 | 0 | 1 | 10 | 110 | 110.00 | 0 | 0 | 0.00 | 0.00 |
| Science - Chemistry | 0 | 1 | 0 | 0 | 10 | 59 | 59.00 | 0 | 0 | 0.00 | 0.00 |